000 00739nam a2200289Ia 4500
005 20260324124531.0
008 008 260324s9999 xx 000 0 eng d
020 _a9781315633589
037 _aEBOOK
040 _aCRL
040 _beng
040 _cCRL
041 _2eng
041 _aeng
084 _qCRL
100 _aKimberly Barraza-Lyons; Karen Hunter-Quartz; Brad Olsen; Lauren Anderson
_91174525
245 0 _aMaking a Difference
245 0 _bDeveloping Meaningful Careers in Education
260 _bTaylor and Francis
260 _c2010
365 _a
365 _b255
856 _uhttp://www.taylorfrancis.com/books/9781315633589
942 _cEBOOK
999 _c1768972
_d1768972